Who came second? - Statistics

General Stats
  • This quiz has been taken 10 times
    2 since last reset
  • The average score is 7 of 20
Answer Stats
Hint Answer % Correct
2nd man of the moon Buzz Aldrin
100%
2nd person named in the bible Eve
100%
2nd president of the USA John Adams
100%
2nd man in space Alan Shepard
50%
2nd actor to play Spiderman Andrew Garfield
50%
2nd actor to play Dumbledor Michael Gambon
50%
Prophet of the second largest religion Muhammed
50%
2nd most powerful Greek God Poseidon
50%
2nd longest British Monarchs Reign Queen Victoria
50%
Name of a Roman God, and the second planet from the sun Venus
50%
Most songs that peaked at number 2 (UK or USA) Drake / Madonna
0%
2nd actor to play James Bond (EON productions)? George Lazenby
0%
2nd most Olympic medals Larisa Latynina
0%
2nd most number one hits (In the UK or USA) Mariah Carey / The beatles
0%
2nd actor to play the doctor in doctor who (in the official series)? Patrick Troughton
0%
Finished 2nd in the most major golf tournaments Phil Mickelson
0%
2nd most men's Grand Slam wins Rafael Nadal
0%
2nd most women's Grand Slam wins Serena Williams
0%
2nd prime minister of the UK Spencer Compton / Earl of Wilmington
0%
2nd fastest 100m sprint time Yohan Blake
0%
No matching quizzes found
Score Distribution
Percent of People with Each Score
Percentile by Number Answered
Your Score History
You have not taken this quiz since the last reset